000 00525nam a2200169Ia 4500
008 090711s9999 xx 000 0 und d
082 _b77071
100 _aआपटे ह. ना.
245 _aपुरुषाSो भाग्य
260 _bआपटे आणि मंडळी
_c1945
300 _a100
600 _aआपटे ह. ना.
630 _aपुरुषाSो भाग्य
700 _aआपटे ह. ना.
730 _aपुरुषाSो भाग्य
942 _cBOOK
999 _c300250
_d300250